| 000 | 00449nam a2200181Ia 4500 | ||
|---|---|---|---|
| 001 | 17677 | ||
| 005 | 20260306171535.0 | ||
| 008 | 260306s9999||||xx |||||||||||||| ||und|| | ||
| 041 | _aESP | ||
| 082 |
_a658.15 _bC93 |
||
| 100 |
_aCuatrecasas Arbós, Lluís _eAUT |
||
| 245 | 0 | _aGestión económico-financiera de la empresa | |
| 260 | _c2000 | ||
| 300 |
_a406 páginas : _c25 cm. |
||
| 650 | _aGEN | ||
| 654 | _aCAN | ||
| 942 |
_cLIB _dJUS _fJUS _2ddc _n |
||
| 999 |
_c17677 _d17677 |
||